000
00143 a2200073 4500
020
_a
9780340930137
082
_a
144907
245
_a
Entrepreneurship
999
_c
793179
_d
793178
942
_w
13411
_x
Bongani Makatu
_y
13411
_z
Bongani Makatu